Matemática 3 /
Guardado en:
| Autor Principal: | |
|---|---|
| Otros Autores: | , , |
| Formato: | Libro |
| Publicado: |
Buenos Aires :
Tinta Fresca,
2006
|
| Series: | M3
|
| Materias: | |
| Etiquetas: |
Agregar Etiqueta
Sin Etiquetas, Sea el primero en etiquetar este registro!
|
| LEADER | 00970nam a22002655a 4500 | ||
|---|---|---|---|
| 001 | CEM.cems012880 | ||
| 005 | 20080523095818.0 | ||
| 008 | 130507s2006##################000#0#####d | ||
| 003 | CEMS | ||
| 020 | |a 9875760811 | ||
| 082 | 0 | 4 | |a 510 |
| 100 | 1 | |a Itzcovich, Horacio | |
| 245 | 1 | 0 | |a Matemática 3 / |c Coordinado Por Horacio Itzcovich, Andrea Novembre |
| 260 | |a Buenos Aires : |b Tinta Fresca, |c 2006 | ||
| 300 | |a 160 p. | ||
| 490 | 0 | |a M3 | |
| 500 | |a Para Polimodal y Educación Secundaria Superior | ||
| 505 | 0 | |a Funciones exponenciales -- Funciones logarítmicas -- Funciones trigonométricas -- Probabilidad y estadística -- Límites y derivadas -- Iniciación en el estudio de vectores | |
| 653 | |a Matemática | ||
| 653 | |a Matemática-polimodal | ||
| 653 | |a Matemática-educación secundaria superior | ||
| 700 | 1 | |a Novembre, Andrea | |
| 700 | 1 | |a Carnelli, Gustavo | |
| 700 | 1 | |a Lamela, Cecilia | |
| 859 | |a CEMS |b BIB. CEMS - 11 de abril |h 510 |i It9 |p 25161.08 |t Ej.1 |v 3 |3 3 | ||
